Open Data Biblioteca Nacional de Portugal


República Portuguesa: Ministério da Cultura
Biblioteca Nacional de Portugal

Catálogo da BNP: acesso por Identificadores Unívocos
Registos Bibliográficos associados ao registo de autoridade

Etiqueta de registo: 00230nam 2200025 450
001 1831447
003 http://id.bnportugal.gov.pt/bib/catbnp/1831447
010 ## $a978-989-8135-95-7
021 ## $aPT$b351243/12
100 ## $a20130219d2012 m y0pory01030103ba
101 0# $apor
102 ## $aPT
105 ## $aa z 000gy
106 ## $ar
200 1# $aCânticos da alma$fEduardo de Jesus Alves$grev. Henrique Faria, Marina dos Santos
205 ## $a1ª ed
210 #9 $aLinda-a-Velha$cDG Edições,$d2012
215 ## $a293 p.$cil.$d22 cm
675 ## $a821.134.3-1"20"$vBN$zpor$31023893
700 #1 $aAlves,$bEduardo de Jesus,$f1947-$31458619
702 #1 $aFaria,$bHenrique$4675$31522811
702 #1 $aSantos,$bMarina dos$4675$31522814
801 #0 $aPT$bBN$gRPC
900 ## $aBIBNAC$d20130319
966 ## $lBN$mFGMON$sL. 117756 V.
966 ## $lBN$mFGMON$sL. 117756 V.-D

Etiqueta de registo: 00540ccm 02200193 04500
001 50176
003 http://id.bnportugal.gov.pt/bib/catbnp/50176
100 ## $a19960626d1955 m y0pora01030103ba
101 0# $apor
102 ## $aPT
106 ## $ar
200 1# $aCantoral do Bom Jesus do Monte$bMúsica impressa]$fpref. Hilário de Barros
210 #9 $aBraga$cAmigos do Bom Jesus do Monte,$d1955
215 ## $a1 partitura (26, [1] p.)$d20 cm
316 ## $aExemplar encadernado em miscelânea$5PTBN: B.A. 2484//4 P.
317 ## $aConservatório Nacional$5PTBN: C.N. 862 P.
330 ## $aN. 1: Hino ao Bom Jesus do Monte ; N. 2: Saudação ao Bom Jesus ; N. 3: A cruz do Bom Jesus ; N. 4: Ao Bom Jesus ; N. 5: Viva Maria! ; N. 6: Aos pés da Cruz ; N. 7: Ao Divino Coração de Jesus ; N. 8: Chama-nos Jesus ; N. 9: Para antes do sermão ; N. 10: Martírios ; N. 11: O crucifixo na escola portuguesa ; N. 12: Amor ao Deus Menino ; N. 13: Romeiros do Bom Jesus
500 11 $aCânticos,$rVV
606 ## $aMúsica sacra$zSéc. 20$j[Música impressa]$2SIPOR$3954270
675 ## $a78.089.6$vBN$zpor$3536969
675 ## $a783"19"$vBN$zpor$31525881
702 #1 $aBarros,$bHilário de$4080$312838
702 #1 $aBorda,$bManuel de Faria,$f1914-1992$4230$315529
702 #1 $aFaria,$bHenrique$4230$31522811
712 01 $aPortugal.$bConservatório Nacional.$bEscola de Música$4390$31172174
801 #0 $aPT$bBN$gRPC
966 ## $lBN$mFGMON$sB.A. 2484//4 P.
966 ## $lBN$mMUSICA$pConservatório Nacional$sC.N. 862 P. $x7
976 ## $d20260625$rjamaral

Etiqueta de registo: 00453ccm 02200181 04500
001 92928
003 http://id.bnportugal.gov.pt/bib/catbnp/92928
100 ## $a19981119d1957 m y0pora01030103ba
101 0# $apor
102 ## $aPT
106 ## $ar
200 1# $aCantoral do Bom Jesus do Monte$bMúsica impressa]$fpref. Hilário de Barros
205 ## $a2ª ed
210 #9 $aBraga$cAmigos do Bom Jesus do Monte,$dimp. 1957
215 ## $a1 partitura (31, [1] p.)$d20 cm
317 ## $aConservatório Nacional$5PTBN: C.N. 863 P.
330 ## $aN. 1: Hino ao Bom Jesus do Monte ; N. 2: Saudação ao Bom Jesus ; N. 3: A cruz do Bom Jesus ; N. 4: Ao Bom Jesus ; N. 5: Viva Maria! ; N. 6: Aos pés da Cruz ; N. 7: Ao Divino Coração de Jesus ; N. 8: Chama-nos Jesus ; N. 9: Para antes do sermão ; N. 10: Martírios ; N. 11: O crucifixo na escola portuguesa ; N. 12: Amor ao Deus Menino ; N. 13: Romeiros do Bom Jesus ; Missa «Parce Domine»
500 11 $aCânticos,$rVV
606 ## $aMúsica sacra$zSéc. 20$j[Música impressa]$2SIPOR$3954270
675 ## $a78.089.6$vBN$zpor$3536969
675 ## $a783"19"$vBN$zpor$31525881
702 #1 $aBarros,$bHilário de$4080$312838
702 #1 $aBorda,$bManuel de Faria,$f1914-1992$4230$315529
702 #1 $aFaria,$bHenrique$4230$31522811
712 01 $aPortugal.$bConservatório Nacional.$bEscola de Música$4390$31172174
801 #0 $aPT$bBN$gRPC
966 ## $lBN$mMUSICA$pConservatório Nacional$sC.N. 863 P. $x7
966 ## $lBN$mMUSICA$sM.P. 68 P. $x1
976 ## $d20260625$rjamaral

OpendataBNP@bnportugal.pt | Mais informação sobre acesso aos dados BNP